| 000 | 01329cam a2200217 4500 | ||
|---|---|---|---|
| 001 | ABS66527 | ||
| 008 | 030324n2003 000 0 eng u | ||
| 035 | _a(Sirsi) u121712 | ||
| 100 | _aNorwood, G. | ||
| 245 | _aTake a bet on a buy-to-let | ||
| 260 | _c2003 | ||
| 490 |
_aEstates Gazette _v(0310) 8 March 2003, 150-151(2) |
||
| 520 | _aLooks at the developing market for asset management of residential property investments following the expansion of the buy-to-let market and the flight from equities into property. Strategic asset management has long been available to investors in equities and large property consultancies have provided similar services to institutional investors in commercial property. Currently lettings agents offer specific guidance on a property but give little advice on the management of a whole property portfolio. Surveys the type of services offered by some major residential property players. Sees property asset management becoming more regulated as a result of the investigation by the Financial Services Authority and Office of Fair Trading into the conduct of property service providers. | ||
| 590 | _aABS | ||
| 650 | _aBUY-TO-LET | ||
| 650 | _aASSET MANAGEMENT | ||
| 650 |
_aRESIDENTIAL PROPERTY _96266 |
||
| 650 | _aLETTING AGENTS | ||
| 690 | _aHOUSING-INVESTMENT | ||
| 942 | _n0 | ||
| 999 |
_c72334 _d72334 |
||